000 00349 a2200169 4500
001 175563
020 _a85-359-0285-6
040 _cMagnum
100 _aMiranda, Ana
240 1 0 _aDias & dias
_lpor
245 1 0 _aDias & dias
300 _a243
362 0 _a2004
440 1 _aCompanhia das Letras
697 _aLITERATURA GERAL
942 _cBK
999 _c175563
_d175563